American labour movement and other essays. Ed by J.M. Winter (Record no. 654406)

MARC details
000 -LEADER
fixed length control field 00667nam a2200229Ia 4500
003 - CONTROL NUMBER IDENTIFIER
control field OSt
005 - DATE AND TIME OF LATEST TRANSACTION
control field 20220926032326.0
008 - FIXED-LENGTH DATA ELEMENTS--GENERAL INFORMATION
fixed length control field 220923b |||||||| |||| 00| 0 eng d
037 ## - SOURCE OF ACQUISITION
Terms of availability General Book
040 ## - CATALOGING SOURCE
Original cataloging agency RTL
Transcribing agency RTL
Language of cataloging eng
041 ## - LANGUAGE CODE
Source of code eng
Language code of text/sound track or separate title eng
100 ## - MAIN ENTRY--PERSONAL NAME
Personal name Tawney R H
9 (RLIN) 10766
245 #0 - TITLE STATEMENT
Title American labour movement and other essays. Ed by J.M. Winter
260 ## - PUBLICATION, DISTRIBUTION, ETC.
Place of publication, distribution, etc. Sussex
Name of publisher, distributor, etc. Harvester Press
Date of publication, distribution, etc. 1979
300 ## - PHYSICAL DESCRIPTION
Extent xxiv, 258p
Dimensions cm.
650 ## - SUBJECT ADDED ENTRY--TOPICAL TERM
Topical term or geographic name entry element Trade Union Sociology
942 ## - ADDED ENTRY ELEMENTS (KOHA)
Classification part Y9(X:97D).73.N7, L9
Koha item type General Books
Source of classification or shelving scheme Colon Classification (CC)
Holdings
Withdrawn status Lost status Damaged status Not for loan Home library Current library Date acquired Total Checkouts Full call number Barcode Date last seen Price effective from Koha item type
        Ratan Tata Library Ratan Tata Library 2022-09-26   Y9(X:97D).73.N7 L9 RT0647680 2022-09-26 2022-09-26 General Books
Copyright @ Delhi University Library System